[Event "Muensterland Verbandsliga playoff 1-4"]
[Site "Germany"]
[Date "2023.03.25"]
[Round "1.5"]
[White "Boenigk, Winfried"]
[Black "Fuhrmann, Andreas"]
[Result "1-0"]
[WhiteElo "1697"]
[BlackElo "1681"]
[PlyCount "63"]
[EventDate "2022.03.25"]
[EventType "team-k.o."]
[EventRounds "2"]
[EventCountry "GER"]
[SourceTitle "EXT 2024"]
[Source "ChessBase"]
[SourceDate "2023.10.10"]
[SourceVersion "1"]
[SourceVersionDate "2023.10.10"]
[SourceQuality "1"]
[WhiteTeam "Olfen"]
[BlackTeam "Emsdetten Rochade II"]
[WhiteTeamCountry "GER"]
[BlackTeamCountry "GER"]

1. d4 d5 2. c4 e6 3. Nc3 c5 4. cxd5 exd5 5. Nf3 Nc6 6. e3 Nf6 7. Be2 Bd6 8. dxc5 Bxc5 9. a3 a6 10. 0-0 0-0 11. Na4 Ba7 12. b4 Ne4 13. Bd3 Qe7 14. Qc2 Bd7 15. Bb2 Rac8 16. Qe2 Rfe8 17. Nc3 Nxc3 18. Bxc3 d4 19. Bd2 dxe3 20. fxe3 Bxe3+ 21. Kh1 Bxd2 22. Qxd2 Qe3 23. Bxh7+ Kxh7 24. Qxd7 Qe7 25. Qf5+ Kg8 26. Rae1 Qf6 27. Qd7 Red8 28. Qxb7 Rb8 29. Qxa6 Nd4 30. Qxf6 gxf6 31. Nxd4 Rxd4 32. Rxf6 1-0

[Event "Muensterland Verbandsliga Gr2 2223"]
[Site "Germany"]
[Date "2022.11.12"]
[Round "3.6"]
[White "Vestrick, Frank"]
[Black "Boenigk, Winfried"]
[Result "1-0"]
[WhiteElo "1747"]
[BlackElo "1700"]
[PlyCount "93"]
[EventDate "2022.09.10"]
[EventType "team-tourn"]
[EventRounds "5"]
[EventCountry "GER"]
[SourceTitle "EXT 2024"]
[Source "ChessBase"]
[SourceDate "2023.10.10"]
[SourceVersion "1"]
[SourceVersionDate "2023.10.10"]
[SourceQuality "1"]
[WhiteTeam "Heiden"]
[BlackTeam "Olfen"]
[WhiteTeamCountry "GER"]
[BlackTeamCountry "GER"]

1. d4 Nf6 2. c4 g6 3. Nc3 Bg7 4. e4 d6 5. f3 0-0 6. Be3 Nc6 7. Qd2 e5 8. d5 Ne7 9. h4 h5 10. Be2 c6 11. dxc6 bxc6 12. Rd1 d5 13. cxd5 cxd5 14. Nxd5 Nfxd5 15. exd5 Nf5 16. Bc5 Bh6 17. Qc3 Re8 18. Bb5 Bd7 19. Bxd7 Qxd7 20. Ne2 Rac8 21. Qa3 Qb5 22. b4 a5 23. Qd3 Qd7 24. a3 axb4 25. axb4 Ra8 26. Nc3 Ng3 27. Ne4 Nxe4 28. fxe4 Ra2 29. 0-0 Qg4 30. Qf3 Qd7 31. Ra1 Rea8 32. Rxa2 Rxa2 33. g3 Bf8 34. Bxf8 Kxf8 35. Qf6 Qa7+ 36. Kh1 Qd7 37. Qh8+ Ke7 38. Qf6+ Kf8 39. Qh8+ Ke7 40. Qxe5+ Kf8 41. Qh8+ Ke7 42. Qf6+ Kf8 43. Kg1 Qa7+ 44. Rf2 Ra1+ 45. Kg2 Rb1 46. d6 Rxb4 47. Qh8# 1-0

[Event "Muensterland Verbandsliga 1920"]
[Site "Germany"]
[Date "2019.11.30"]
[Round "4.6"]
[White "Boenigk, Winfried"]
[Black "Iking, Bernhard"]
[Result "0-1"]
[WhiteElo "1760"]
[BlackElo "1748"]
[PlyCount "60"]
[EventDate "2019.09.07"]
[EventType "team-tourn"]
[EventRounds "7"]
[EventCountry "GER"]
[SourceTitle "EXT 2023"]
[Source "ChessBase"]
[SourceDate "2022.10.05"]
[SourceVersion "1"]
[SourceVersionDate "2022.10.05"]
[SourceQuality "1"]
[WhiteTeam "Olfen"]
[BlackTeam "Gescher"]
[WhiteTeamCountry "GER"]
[BlackTeamCountry "GER"]

1. d4 Nf6 2. c4 c5 3. d5 b5 4. cxb5 a6 5. e3 axb5 6. Bxb5 Qa5+ 7. Nc3 Ba6 8. Bxa6 Nxa6 9. Nge2 g6 10. 0-0 Bg7 11. Bd2 0-0 12. a3 Rfb8 13. Rb1 c4 14. e4 Qc7 15. Bf4 d6 16. Qc2 Nc5 17. Be3 Nb3 18. Nd4 Ng4 19. Nc6 Rb7 20. Qe2 Ne5 21. Nb4 Nc5 22. Bxc5 dxc5 23. Nba2 Qb8 24. Rfc1 Nd3 25. Rc2 Bd4 26. Nd1 Ne5 27. Nac3 h5 28. h3 Rb3 29. Ne3 Bxc3 30. Nxc4 Nxc4 0-1

[Event "Muensterland Regionalliga 1819"]
[Site "Germany"]
[Date "2019.03.02"]
[Round "7.6"]
[White "Hunhoff, Andreas"]
[Black "Boenigk, Winfried"]
[Result "1/2-1/2"]
[WhiteElo "1793"]
[BlackElo "1765"]
[PlyCount "23"]
[EventDate "2018.09.08"]
[EventType "team-tourn"]
[EventRounds "9"]
[EventCountry "GER"]
[SourceTitle "EXT 2020"]
[Source "ChessBase"]
[SourceDate "2019.10.17"]
[SourceVersion "1"]
[SourceVersionDate "2019.10.17"]
[SourceQuality "1"]
[WhiteTeam "Bocholt"]
[BlackTeam "Olfen"]
[WhiteTeamCountry "GER"]
[BlackTeamCountry "GER"]

1. f4 d5 2. Nf3 Nf6 3. e3 c5 4. d3 Nc6 5. Be2 e6 6. 0-0 Bd6 7. Nc3 a6 8. Qe1 0-0 9. Qh4 d4 10. Ne4 Nxe4 11. Qxd8 Rxd8 12. dxe4 1/2-1/2

[Event "Muensterland Regionalliga 1819"]
[Site "Germany"]
[Date "2019.02.02"]
[Round "6.7"]
[White "Broemmel, Rudolf"]
[Black "Boenigk, Winfried"]
[Result "1/2-1/2"]
[WhiteElo "1906"]
[BlackElo "1765"]
[PlyCount "51"]
[EventDate "2018.09.08"]
[EventType "team-tourn"]
[EventRounds "9"]
[EventCountry "GER"]
[SourceTitle "EXT 2020"]
[Source "ChessBase"]
[SourceDate "2019.10.17"]
[SourceVersion "1"]
[SourceVersionDate "2019.10.17"]
[SourceQuality "1"]
[WhiteTeam "Raesfeld Erle"]
[BlackTeam "Olfen"]
[WhiteTeamCountry "GER"]
[BlackTeamCountry "GER"]

1. c4 Nf6 2. b3 d6 3. Bb2 e5 4. Nf3 g6 5. d3 Bg7 6. e3 0-0 7. Nbd2 a5 8. a3 Nc6 9. Be2 Ne8 10. d4 f5 11. dxe5 dxe5 12. e4 f4 13. c5 Qe7 14. Qc2 Bg4 15. b4 axb4 16. axb4 Rxa1+ 17. Bxa1 Kh8 18. b5 Bxf3 19. bxc6 Bxe2 20. cxb7 Bd1 21. Qxd1 Nf6 22. Qc2 c6 23. 0-0 Rb8 24. Rb1 Nd7 25. Nf3 Qxc5 26. Qxc5 1/2-1/2

[Event "Muensterland Regionalliga 1819"]
[Site "Germany"]
[Date "2018.09.29"]
[Round "2.6"]
[White "Boenigk, Winfried"]
[Black "Schulz, Joachim"]
[Result "0-1"]
[WhiteElo "1765"]
[BlackElo "1877"]
[PlyCount "62"]
[EventDate "2018.09.08"]
[EventType "team-tourn"]
[EventRounds "9"]
[EventCountry "GER"]
[SourceTitle "EXT 2020"]
[Source "ChessBase"]
[SourceDate "2019.10.17"]
[SourceVersion "1"]
[SourceVersionDate "2019.10.17"]
[SourceQuality "1"]
[WhiteTeam "Olfen"]
[BlackTeam "Steinfurt"]
[WhiteTeamCountry "GER"]
[BlackTeamCountry "GER"]

1. d4 d5 2. c4 e6 3. Nc3 c6 4. Nf3 f5 5. Bf4 Nf6 6. e3 Be7 7. h3 0-0 8. Bd3 Kh8 9. Qc2 Ne4 10. Ne5 Nd7 11. f3 Bh4+ 12. Ke2 Ng3+ 13. Bxg3 Bxg3 14. Nxd7 Bxd7 15. Raf1 dxc4 16. Bxc4 b5 17. Bd3 b4 18. Na4 e5 19. dxe5 Bxe5 20. g4 f4 21. e4 Qe7 22. Nc5 Rfd8 23. Rc1 Rac8 24. b3 Bd4 25. Ba6 Qh4 26. Nd3 Be3 27. Rcf1 Qg3 28. Kd1 c5 29. h4 c4 30. Bxc4 Bxg4 31. Qe2 Be6 0-1

[Event "Muensterland Verbandsliga 1516"]
[Site "Germany"]
[Date "2016.05.21"]
[Round "9.6"]
[White "Hunhoff, Andreas"]
[Black "Boenigk, Winfried"]
[Result "0-1"]
[WhiteElo "1848"]
[BlackElo "1751"]
[PlyCount "54"]
[EventDate "2015.09.12"]
[EventType "team"]
[EventRounds "9"]
[EventCountry "GER"]
[SourceTitle "EXT 2017"]
[Source "ChessBase"]
[SourceDate "2016.10.25"]
[SourceVersion "1"]
[SourceVersionDate "2016.10.25"]
[SourceQuality "1"]
[WhiteTeam "Bocholt"]
[BlackTeam "Olfen"]
[WhiteTeamCountry "GER"]
[BlackTeamCountry "GER"]

1. f4 d5 2. e3 Nf6 3. Nf3 c5 4. b3 Nc6 5. Bb5 e6 6. Bb2 Be7 7. 0-0 0-0 8. h3 Qc7 9. Ne5 a6 10. Bd3 Nb4 11. Be2 Ne4 12. a3 Nc6 13. Bd3 f5 14. Bxe4 dxe4 15. Nxc6 Qxc6 16. Qe2 b5 17. g4 Bb7 18. Qg2 Bf6 19. Bxf6 Rxf6 20. Nc3 Rd8 21. Rfd1 Qc7 22. Ne2 Rf7 23. Ng3 g6 24. c3 Rd3 25. a4 b4 26. Rab1 bxc3 27. dxc3 Rxe3 0-1

[Event "Muensterland Verbandsliga 1516"]
[Site "Germany"]
[Date "2015.12.12"]
[Round "4.7"]
[White "Boenigk, Winfried"]
[Black "Schlagheck, Thomas"]
[Result "1/2-1/2"]
[WhiteElo "1751"]
[BlackElo "1675"]
[PlyCount "94"]
[EventDate "2015.09.12"]
[EventType "team"]
[EventRounds "9"]
[EventCountry "GER"]
[SourceTitle "EXT 2017"]
[Source "ChessBase"]
[SourceDate "2016.10.25"]
[SourceVersion "1"]
[SourceVersionDate "2016.10.25"]
[SourceQuality "1"]
[WhiteTeam "Olfen"]
[BlackTeam "Muenster SK IV"]
[WhiteTeamCountry "GER"]
[BlackTeamCountry "GER"]

1. d4 c5 2. d5 d6 3. c4 e5 4. e4 f5 5. Nc3 Nf6 6. f3 Be7 7. Bd3 f4 8. Bd2 Na6 9. a3 Nc7 10. Qe2 Bd7 11. Nh3 Nh5 12. 0-0-0 Bh4 13. Nf2 Bxf2 14. Qxf2 Qe7 15. g4 Nf6 16. h4 0-0-0 17. Kb1 Rdf8 18. b4 b6 19. bxc5 bxc5 20. Ka2 Kd8 21. Rb1 Bc8 22. Nb5 Nxb5 23. Rxb5 Nd7 24. Ba5+ Ke8 25. g5 Kf7 26. Bc7 Ba6 27. Rb3 Rc8 28. Ba5 Rb8 29. Rhb1 Rxb3 30. Rxb3 Rc8 31. Bf1 g6 32. Qc2 Qe8 33. Bh3 Ke7 34. Rb2 Rb8 35. Rxb8 Qxb8 36. Qa4 Qb7 37. Bxd7 Qxd7 38. Bd8+ Kxd8 39. Qxa6 Qc7 40. Kb3 Ke7 41. Ka4 Qb8 42. Qb5 Qc7 43. Qc6 Qb8 44. Ka5 Qb3 45. Qc7+ Ke8 46. Qc8+ Kf7 47. Qe6+ Kg7 1/2-1/2

[Event "Muensterland Verbandsliga 1516"]
[Site "Germany"]
[Date "2015.09.12"]
[Round "1.6"]
[White "Boenigk, Winfried"]
[Black "Lachmuth, Mathias"]
[Result "0-1"]
[WhiteElo "1751"]
[BlackElo "1758"]
[PlyCount "84"]
[EventDate "2015.09.12"]
[EventType "team"]
[EventRounds "9"]
[EventCountry "GER"]
[SourceTitle "EXT 2017"]
[Source "ChessBase"]
[SourceDate "2016.10.25"]
[SourceVersion "1"]
[SourceVersionDate "2016.10.25"]
[SourceQuality "1"]
[WhiteTeam "Olfen"]
[BlackTeam "Emsdetten Rochade II"]
[WhiteTeamCountry "GER"]
[BlackTeamCountry "GER"]

1. d4 Nf6 2. c4 e6 3. Nc3 d5 4. Bg5 Be7 5. Nf3 b6 6. e3 Bb7 7. Rc1 a6 8. Be2 Nbd7 9. 0-0 0-0 10. h3 c5 11. cxd5 Nxd5 12. Bxe7 Qxe7 13. Nxd5 Bxd5 14. a3 b5 15. dxc5 Nxc5 16. b4 Na4 17. Nd2 Rac8 18. Bf3 Nb2 19. Qe2 Nc4 20. Bxd5 exd5 21. Qd3 Rfd8 22. Rfd1 Nb2 23. Qd4 Nxd1 24. Rxd1 Qc7 25. Nb3 Qc3 26. Nc5 Qxd4 27. Rxd4 Rc7 28. e4 a5 29. exd5 axb4 30. axb4 Kf8 31. f4 Ke7 32. Kf2 Ra7 33. Kf3 Ra3+ 34. Ke4 g6 35. Rd2 Rc3 36. Rd3 Rxd3 37. Nxd3 Kd6 38. Ne5 f5+ 39. Kd4 Rc8 40. Nc6 Ra8 41. Na5 Ra7 42. g4 Re7 0-1

[Event "Muensterland Regionalliga 1415"]
[Site "Germany"]
[Date "2015.02.21"]
[Round "6.5"]
[White "Stegemann, Norbert"]
[Black "Boenigk, Winfried"]
[Result "1-0"]
[WhiteElo "1966"]
[BlackElo "1797"]
[PlyCount "122"]
[EventDate "2014.09.20"]
[EventType "team-tourn"]
[EventRounds "9"]
[EventCountry "GER"]
[SourceTitle "EXT 2016"]
[Source "ChessBase"]
[SourceDate "2015.10.08"]
[SourceVersion "1"]
[SourceVersionDate "2015.10.08"]
[SourceQuality "1"]
[WhiteTeam "Duelmen"]
[BlackTeam "Olfen"]
[WhiteTeamCountry "GER"]
[BlackTeamCountry "GER"]

1. c4 Nf6 2. g3 g6 3. Bg2 Bg7 4. Nc3 d6 5. d4 0-0 6. Nf3 Nc6 7. 0-0 e5 8. dxe5 dxe5 9. Bg5 h6 10. Qxd8 Rxd8 11. Bxf6 Bxf6 12. Nd5 Kg7 13. Nxc7 Rb8 14. e4 Rd7 15. Nd5 b5 16. c5 b4 17. Rfd1 Rd8 18. Nxf6 Kxf6 19. Rxd8 Nxd8 20. Rd1 Be6 21. b3 Rc8 22. Bf1 Bg4 23. Kg2 Ne6 24. Rd6 Bxf3+ 25. Kxf3 Rxc5 26. Ra6 Rc7 27. Bc4 Ke7 28. Bxe6 fxe6 29. Ke3 Kf6 30. h4 h5 31. Kd3 Rc3+ 32. Kd2 Rc7 33. Ra5 Rb7 34. Kd3 Rd7+ 35. Ke3 Rc7 36. Rb5 Rc3+ 37. Kd2 Rf3 38. Ke1 Rc3 39. Rxb4 Rc2 40. Ra4 Rc7 41. Ra5 Rd7 42. Ke2 Rc7 43. Kd3 Rd7+ 44. Ke3 Rc7 45. b4 Rc3+ 46. Kd2 Rc7 47. a3 Rd7+ 48. Ke3 Rc7 49. Kd3 Rd7+ 50. Kc3 Rc7+ 51. Rc5 Rd7 52. b5 Rb7 53. a4 Rd7 54. a5 Rd1 55. Kc2 Rd7 56. b6 axb6 57. axb6 Rb7 58. Rb5 Ke7 59. Kd3 Kd6 60. Kc4 Rb8 61. b7 Kd7 1-0

[Event "Muensterland Regionalliga 1415"]
[Site "Germany"]
[Date "2014.10.25"]
[Round "2.6"]
[White "Boenigk, Winfried"]
[Black "Lehmann, Mona"]
[Result "0-1"]
[WhiteElo "1797"]
[BlackElo "1926"]
[PlyCount "76"]
[EventDate "2014.09.20"]
[EventType "team-tourn"]
[EventRounds "9"]
[EventCountry "GER"]
[SourceTitle "EXT 2016"]
[Source "ChessBase"]
[SourceDate "2015.10.08"]
[SourceVersion "1"]
[SourceVersionDate "2015.10.08"]
[SourceQuality "1"]
[WhiteTeam "Olfen"]
[BlackTeam "Emsdetten Rochade"]
[WhiteTeamCountry "GER"]
[BlackTeamCountry "GER"]

1. d4 Nf6 2. c4 g6 3. Nc3 d5 4. cxd5 Nxd5 5. e4 Nxc3 6. bxc3 c5 7. Be3 cxd4 8. Qxd4 Qxd4 9. cxd4 Bg7 10. Bb5+ Bd7 11. Bxd7+ Kxd7 12. Nf3 Na6 13. Rb1 b6 14. Ke2 Rac8 15. Rhc1 h6 16. a3 Nb8 17. Kd3 e6 18. e5 Rhd8 19. Rxc8 Kxc8 20. Rc1+ Kb7 21. Ke4 Bf8 22. Rc3 Rd5 23. Nd2 Nc6 24. f4 b5 25. g4 a5 26. f5 a4 27. fxe6 fxe6 28. Nf3 b4 29. axb4 Bxb4 30. Rc2 Bf8 31. Bd2 a3 32. Kd3 Rb5 33. Bc3 Bb4 34. Nd2 Bxc3 35. Kxc3 Nb4 36. Nc4 Nxc2 37. Nd6+ Kb6 38. Nxb5 a2 0-1

[Event "Muensterland Regionalliga 1314"]
[Site "Germany"]
[Date "2014.03.15"]
[Round "7.7"]
[White "Gottkehaskamp, Stefan"]
[Black "Boenigk, Winfried"]
[Result "1-0"]
[WhiteElo "1913"]
[BlackElo "1728"]
[PlyCount "83"]
[EventDate "2013.09.07"]
[EventType "team-tourn"]
[EventRounds "9"]
[EventCountry "GER"]
[SourceTitle "EXT 2015"]
[Source "ChessBase"]
[SourceDate "2014.11.20"]
[SourceVersion "1"]
[SourceVersionDate "2014.11.20"]
[SourceQuality "1"]
[WhiteTeam "Nienberge"]
[BlackTeam "Olfen"]
[WhiteTeamCountry "GER"]
[BlackTeamCountry "GER"]

1. d4 Nf6 2. Bf4 b6 3. e3 Bb7 4. Nf3 Nh5 5. Bg5 h6 6. Bh4 g5 7. Nfd2 Nf6 8. Bg3 d6 9. Nc3 c5 10. dxc5 bxc5 11. Bb5+ Nbd7 12. e4 Bg7 13. Qe2 0-0 14. 0-0 a6 15. Bd3 Ne5 16. Bxe5 dxe5 17. Nc4 Qc7 18. Rfe1 e6 19. Nd1 Rad8 20. a4 Rd4 21. c3 Rd7 22. f3 Nh5 23. g3 Nf6 24. Nf2 Rfd8 25. Red1 a5 26. Na3 Bc6 27. Bb5 Bxb5 28. Nxb5 Rxd1+ 29. Rxd1 Rxd1+ 30. Qxd1 Qd7 31. Qd6 Qxd6 32. Nxd6 Nd7 33. Nb7 Bf8 34. c4 f5 35. Nxa5 Nb6 36. b3 Kf7 37. Nc6 Bd6 38. Nd3 Kf6 39. a5 Na8 40. Kf2 f4 41. gxf4 gxf4 42. Kg2 1-0

[Event "Muensterland Regionalliga 1314"]
[Site "Germany"]
[Date "2013.10.05"]
[Round "2.7"]
[White "Hemmert, Michael"]
[Black "Boenigk, Winfried"]
[Result "0-1"]
[WhiteElo "1907"]
[BlackElo "1728"]
[PlyCount "68"]
[EventDate "2013.09.07"]
[EventType "team-tourn"]
[EventRounds "9"]
[EventCountry "GER"]
[SourceTitle "EXT 2015"]
[Source "ChessBase"]
[SourceDate "2014.11.20"]
[SourceVersion "1"]
[SourceVersionDate "2014.11.20"]
[SourceQuality "1"]
[WhiteTeam "Rheine Klein Berlin"]
[BlackTeam "Olfen"]
[WhiteTeamCountry "GER"]
[BlackTeamCountry "GER"]

1. d4 Nf6 2. Bf4 d6 3. e3 g6 4. Nf3 Bg7 5. Be2 0-0 6. h3 c5 7. c3 b6 8. Nbd2 Bb7 9. 0-0 Nc6 10. a4 cxd4 11. exd4 Qd7 12. Nc4 Ba6 13. d5 Na5 14. Ne3 Bxe2 15. Qxe2 Rac8 16. Rfd1 Ne4 17. Ng4 Nf6 18. Nh6+ Kh8 19. Bg5 Nb3 20. Ra3 Nc5 21. Rd4 e5 22. dxe6 Nxe6 23. Rh4 Rc5 24. Qd2 Rd5 25. Qc1 Nxg5 26. Nxg5 Bxh6 27. Rxh6 Qf5 28. Nf3 Re8 29. c4 Rd3 30. Rxd3 Qxd3 31. Qf4 Kg7 32. Ng5 Qb1+ 33. Kh2 Qxb2 34. h4 Qe5 0-1

[Event "Muensterland Verbandsklasse-A 1213"]
[Site "Germany"]
[Date "2012.12.15"]
[Round "4.8"]
[White "Boenigk, Winfried"]
[Black "Homann, Ludger"]
[Result "1-0"]
[WhiteElo "1706"]
[BlackElo "1536"]
[PlyCount "71"]
[EventDate "2012.09.15"]
[EventType "team-tourn"]
[EventRounds "9"]
[EventCountry "GER"]
[SourceTitle "EXT 2015"]
[Source "ChessBase"]
[SourceDate "2014.11.20"]
[SourceVersion "1"]
[SourceVersionDate "2014.11.20"]
[SourceQuality "1"]
[WhiteTeam "Olfen"]
[BlackTeam "Nienberge II"]
[WhiteTeamCountry "GER"]
[BlackTeamCountry "GER"]

1. d4 d6 2. Nf3 Nf6 3. c4 g6 4. Nc3 Bg7 5. e4 Bg4 6. Be2 Bxf3 7. Bxf3 c6 8. 0-0 0-0 9. Be3 Na6 10. a3 Nd7 11. Be2 c5 12. d5 Nc7 13. f4 f5 14. Qc2 a6 15. exf5 Rxf5 16. Bd3 Rf6 17. Rae1 e6 18. Ne4 exd5 19. Nxf6+ Nxf6 20. cxd5 b5 21. Bd2 Nfxd5 22. Be4 Rc8 23. Bxd5+ Nxd5 24. Qe4 Nc7 25. f5 d5 26. Qg4 Ne8 27. fxg6 h6 28. Qe6+ Kh8 29. Rf7 Bd4+ 30. Kh1 Ng7 31. Qxa6 Bxb2 32. Bxh6 b4 33. axb4 cxb4 34. Qe2 Bc3 35. Bxg7+ Bxg7 36. Qh5+ 1-0

[Event "Muensterland Verbandsklasse-A 1112"]
[Site "Germany"]
[Date "2011.12.10"]
[Round "4.8"]
[White "Boenigk, Winfried"]
[Black "Ridder, Hans Peter"]
[Result "1/2-1/2"]
[WhiteElo "1708"]
[BlackElo "1675"]
[PlyCount "69"]
[EventDate "2011.09.17"]
[EventType "team-tourn"]
[EventRounds "9"]
[EventCountry "GER"]
[SourceTitle "EXT 2013"]
[Source "ChessBase"]
[SourceDate "2012.11.22"]
[SourceVersion "1"]
[SourceVersionDate "2012.11.22"]
[SourceQuality "1"]
[WhiteTeam "Olfen"]
[BlackTeam "Borken"]
[WhiteTeamCountry "GER"]
[BlackTeamCountry "GER"]

1. d4 e6 2. c4 f5 3. Nf3 d6 4. g3 Nf6 5. Bg2 Be7 6. 0-0 0-0 7. Nc3 Nbd7 8. b4 Ne4 9. Bb2 Ndf6 10. Nd2 d5 11. c5 c6 12. f3 Nxd2 13. Qxd2 Qe8 14. e4 Qg6 15. exd5 exd5 16. Rae1 Re8 17. Ne2 Nh5 18. f4 Bd7 19. Nc1 Nf6 20. Nd3 Ne4 21. Qe3 Bf6 22. Ne5 Bxe5 23. dxe5 Re6 24. Bxe4 dxe4 25. Rd1 Rd8 26. Rd2 Qf7 27. Rfd1 Re7 28. a3 Rde8 29. Rd6 Bc8 30. Qc3 Re6 31. a4 a6 32. Qd4 h6 33. Qe3 R6e7 34. Qd4 Be6 35. a5 1/2-1/2

[Event "Muensterland Verbandsklasse-A 1011"]
[Site "Germany"]
[Date "2011.04.09"]
[Round "9.5"]
[White "Boenigk, Winfried"]
[Black "Schley, Alfred"]
[Result "1/2-1/2"]
[WhiteElo "1753"]
[BlackElo "1704"]
[PlyCount "57"]
[EventDate "2010.09.18"]
[EventType "team-tourn"]
[EventRounds "9"]
[EventCountry "GER"]
[SourceTitle "EXT 2012"]
[Source "ChessBase"]
[SourceDate "2011.11.24"]
[SourceVersion "1"]
[SourceVersionDate "2011.11.24"]
[SourceQuality "1"]
[WhiteTeam "Olfen"]
[BlackTeam "Stadtlohn"]
[WhiteTeamCountry "GER"]
[BlackTeamCountry "GER"]

1. d4 c5 2. d5 e5 3. c4 d6 4. e4 Nf6 5. Nc3 Be7 6. Bd3 0-0 7. h3 a6 8. a4 Ne8 9. Qc2 Bg5 10. Nf3 Bxc1 11. Rxc1 Qf6 12. Ne2 Qh6 13. Ng3 f5 14. Nxf5 Bxf5 15. exf5 Nf6 16. 0-0 Nbd7 17. Qd2 e4 18. Ng5 exd3 19. f4 Ne8 20. Qxd3 Qf6 21. g4 Nc7 22. Ne6 Nxe6 23. fxe6 Nb6 24. b3 Rae8 25. Rcd1 Nc8 26. Qg3 Qd8 27. Rde1 Ne7 28. f5 Rf6 29. Re4 1/2-1/2

[Event "Muensterland Verbandsklasse-A 1011"]
[Site "Germany"]
[Date "2010.09.18"]
[Round "1.7"]
[White "Boenigk, Winfried"]
[Black "Van de Vyle, Jan"]
[Result "1/2-1/2"]
[WhiteElo "1753"]
[BlackElo "1730"]
[PlyCount "42"]
[EventDate "2010.09.18"]
[EventType "team-tourn"]
[EventRounds "9"]
[EventCountry "GER"]
[SourceTitle "EXT 2012"]
[Source "ChessBase"]
[SourceDate "2011.11.24"]
[SourceVersion "1"]
[SourceVersionDate "2011.11.24"]
[SourceQuality "1"]
[WhiteTeam "Olfen"]
[BlackTeam "Nienberge II"]
[WhiteTeamCountry "GER"]
[BlackTeamCountry "GER"]

1. d4 c5 2. d5 e5 3. c4 d6 4. e4 Be7 5. Bd3 Bg5 6. Nc3 Bxc1 7. Qxc1 Nf6 8. f4 exf4 9. Qxf4 0-0 10. Nf3 Re8 11. 0-0 Qe7 12. Rae1 Nbd7 13. h3 Ne5 14. Nxe5 dxe5 15. Qd2 Bd7 16. Ne2 Rf8 17. Ng3 Ne8 18. Qe3 Rc8 19. Rf3 Nd6 20. b3 b6 21. Ref1 f6 1/2-1/2

[Event "Muensterland Verbandsklasse-A 0910"]
[Site "Germany"]
[Date "2010.04.24"]
[Round "9.7"]
[White "Boenigk, Winfried"]
[Black "Dietrich, Johannes"]
[Result "0-1"]
[WhiteElo "1774"]
[BlackElo "1806"]
[PlyCount "68"]
[EventDate "2009.09.19"]
[EventType "team-tourn"]
[EventRounds "9"]
[EventCountry "GER"]
[SourceTitle "EXT 2011"]
[Source "ChessBase"]
[SourceDate "2010.11.26"]
[SourceVersion "1"]
[SourceVersionDate "2010.11.26"]
[SourceQuality "1"]
[WhiteTeam "Olfen"]
[BlackTeam "Muenster SK IV"]
[WhiteTeamCountry "GER"]
[BlackTeamCountry "GER"]

1. d4 d5 2. c4 c6 3. Nf3 Nf6 4. Nc3 e6 5. Bg5 Nbd7 6. e3 Qa5 7. Nd2 dxc4 8. Bxf6 Nxf6 9. Bxc4 Be7 10. 0-0 0-0 11. Qc2 Bd7 12. Nb3 Qh5 13. Be2 Qg6 14. Bd3 Qh5 15. Ne4 Nxe4 16. Bxe4 Rad8 17. Nc5 Bc8 18. f4 g6 19. b4 b6 20. Nd3 Ba6 21. Rfb1 Bxd3 22. Bxd3 c5 23. dxc5 bxc5 24. b5 Bf6 25. Be4 Bxa1 26. Rxa1 Rd6 27. a4 Rfd8 28. Bf3 Qf5 29. Be4 Qh5 30. Bf3 Qf5 31. Be4 Qf6 32. Rb1 e5 33. g3 exf4 34. gxf4 Rd2 0-1

[Event "Muensterland Verbandsklasse-A 0910"]
[Site "Germany"]
[Date "2010.01.09"]
[Round "5.7"]
[White "Boenigk, Winfried"]
[Black "Bauer, Thorsten"]
[Result "1-0"]
[WhiteElo "1774"]
[BlackElo "1622"]
[PlyCount "45"]
[EventDate "2009.09.19"]
[EventType "team-tourn"]
[EventRounds "9"]
[EventCountry "GER"]
[SourceTitle "EXT 2011"]
[Source "ChessBase"]
[SourceDate "2010.11.26"]
[SourceVersion "1"]
[SourceVersionDate "2010.11.26"]
[SourceQuality "1"]
[WhiteTeam "Olfen"]
[BlackTeam "Ibbenbueren"]
[WhiteTeamCountry "GER"]
[BlackTeamCountry "GER"]

1. d4 d5 2. c4 e6 3. Nc3 Nf6 4. Bg5 Be7 5. e3 Nc6 6. Nf3 0-0 7. Rc1 a6 8. Bd3 dxc4 9. Bxc4 b5 10. Be2 Bb7 11. 0-0 Rc8 12. Bxf6 Bxf6 13. Ne4 Be7 14. Nc5 Bxc5 15. Rxc5 f6 16. Qb3 Qd6 17. Rfc1 Na5 18. Qc3 Qb6 19. Nd2 b4 20. Qc2 Rf7 21. Qa4 Nc6 22. Rxc6 Bxc6 23. Rxc6 1-0

[Event "Muensterland Verbandsklasse-A 0910"]
[Site "Germany"]
[Date "2009.12.19"]
[Round "4.6"]
[White "Boenigk, Winfried"]
[Black "Klueppel, Ralf"]
[Result "1/2-1/2"]
[WhiteElo "1774"]
[BlackElo "1714"]
[PlyCount "35"]
[EventDate "2009.09.19"]
[EventType "team-tourn"]
[EventRounds "9"]
[EventCountry "GER"]
[SourceTitle "EXT 2011"]
[Source "ChessBase"]
[SourceDate "2010.11.26"]
[SourceVersion "1"]
[SourceVersionDate "2010.11.26"]
[SourceQuality "1"]
[WhiteTeam "Olfen"]
[BlackTeam "Borken"]
[WhiteTeamCountry "GER"]
[BlackTeamCountry "GER"]

1. d4 Nf6 2. c4 g6 3. Nc3 d5 4. cxd5 Nxd5 5. e4 Nxc3 6. bxc3 Bg7 7. Bc4 c5 8. Ne2 cxd4 9. cxd4 Nc6 10. Be3 Qa5+ 11. Qd2 Qxd2+ 12. Kxd2 0-0 13. Rhd1 Na5 14. Rac1 Bd7 15. Bb3 Rac8 16. Rxc8 Nxb3+ 17. axb3 Rxc8 18. Rc1 1/2-1/2